| 000 | 00670nam a22002057a 4500 | ||
|---|---|---|---|
| 003 | OSt | ||
| 005 | 20260122033150.0 | ||
| 008 | 260122b |||||||| |||| 00| 0 eng d | ||
| 020 | _a978-971-011-046-9 | ||
| 040 |
_aDWC-Main lib _cOC |
||
| 082 |
_2 2010 edition _aCirc. 262.9 B116m 2009 |
||
| 100 | _aBacareza, Hermogenes E. | ||
| 245 |
_aA modern compendium of Canon Law/ _cHermogenes E. Bacareza |
||
| 250 | _a2010 edition | ||
| 260 |
_aQuezon City : _bCentral Books supply Inc., _cc2009. |
||
| 300 |
_avii, 780 pages : _b illustrations ; _c23cm. |
||
| 504 | _aincludes Index | ||
| 650 | _a1. Ecclesiastical Law | ||
| 942 |
_2ddc _cBK-CIRC _e 2010 edition _kCirc. _n0 |
||
| 999 |
_c7677 _d7677 |
||